[Event "Belgrade Summer IM 4th"]
[Site "Belgrade"]
[Date "2022.07.26"]
[Round "3"]
[White "Kopylov, Michael"]
[Black "Kouvidis, Ioannis"]
[Result "1/2-1/2"]
[WhiteElo "2359"]
[BlackElo "2084"]
[PlyCount "77"]
[EventDate "2022.07.24"]
[EventType "tourn"]
[EventRounds "9"]
[EventCountry "SRB"]
[EventCategory "1"]
[SourceTitle "CBM 209 Extra"]
[Source "ChessBase"]
[SourceDate "2022.09.30"]
[SourceVersion "1"]
[SourceVersionDate "2022.09.30"]
[SourceQuality "1"]

1. d4 Nf6 2. c4 c5 3. d5 g6 4. Nc3 d6 5. e4 Bg7 6. f4 0-0 7. Nf3 e6 8. Be2 exd5 9. exd5 Re8 10. 0-0 Bf5 11. Bd3 Qd7 12. Bxf5 Qxf5 13. Qb3 b6 14. Nb5 Qd7 15. f5 a6 16. Nc3 Qc7 17. fxg6 hxg6 18. Ng5 Nbd7 19. Bf4 Re7 20. Qa4 Ne5 21. Nge4 Nxe4 22. Nxe4 Qd7 23. Qb3 Ng4 24. Qf3 Ne5 25. Qg3 Nxc4 26. Ng5 Ne5 27. Qh4 Ng4 28. Qh7+ Kf8 29. Bd2 Nf6 30. Rxf6 Bxf6 31. Bc3 Bxc3 32. bxc3 Re5 33. Ne6+ Ke7 34. Rf1 Qe8 35. Qg7 Qg8 36. Qf6+ Kd7 37. Qxf7+ Qxf7 38. Rxf7+ Kc8 39. Rf8+ 1/2-1/2

[Event "BL2-Nord 2122"]
[Site "Germany"]
[Date "2022.07.02"]
[Round "9.3"]
[White "Kopylov, Michael"]
[Black "Sawatzki, Frank"]
[Result "1-0"]
[WhiteElo "2379"]
[BlackElo "2378"]
[PlyCount "123"]
[EventDate "2022.03.05"]
[EventType "team-tourn"]
[EventRounds "10"]
[EventCountry "GER"]
[SourceTitle "EXT 2023"]
[Source "ChessBase"]
[SourceDate "2022.10.05"]
[SourceVersion "1"]
[SourceVersionDate "2022.10.05"]
[SourceQuality "1"]
[WhiteTeam "Norderstedt"]
[BlackTeam "St Pauli"]
[WhiteTeamCountry "GER"]
[BlackTeamCountry "GER"]

1. d4 d5 2. c4 c6 3. Nf3 Nf6 4. Qc2 dxc4 5. Qxc4 Bg4 6. Nbd2 Nbd7 7. g3 e6 8. Bg2 Be7 9. 0-0 0-0 10. Ne5 Bh5 11. Nxd7 Qxd7 12. Nb3 Rfd8 13. Bg5 Rac8 14. e3 b6 15. Rac1 c5 16. dxc5 bxc5 17. Bxf6 gxf6 18. Na5 Qd2 19. Qc3 Qxc3 20. Rxc3 Rd2 21. Nc4 Rd7 22. Rfc1 Rcd8 23. Bc6 Rd1+ 24. Rxd1 Rxd1+ 25. Kg2 Be2 26. Ba4 Ra1 27. Bb3 Bxc4 28. Bxc4 Rd1 29. Ra3 Rd7 30. Ra6 Rc7 31. g4 Kf8 32. f4 h6 33. Kf3 Rd7 34. h3 Bd6 35. b3 Ke7 36. Ke4 Bb8 37. Ra5 Bd6 38. h4 Rc7 39. Ra6 Rb7 40. f5 Rc7 41. a4 Rb7 42. h5 Rd7 43. Bb5 exf5+ 44. Kd5 Rd8 45. Rxa7+ Kf8 46. gxf5 Bb8+ 47. Rd7 Rxd7+ 48. Bxd7 Ke7 49. Bb5 Kd8 50. e4 Kc7 51. Kxc5 Ba7+ 52. Kc4 Kd6 53. b4 Bf2 54. a5 Be3 55. Be8 Ke7 56. Bc6 Bf2 57. Bd5 Be3 58. Kb5 Kd6 59. Bxf7 Bd2 60. Bd5 Be1 61. Kb6 Bxb4 62. a6 1-0

[Event "Maastricht Limburg op 14th"]
[Site "Maastricht"]
[Date "2022.06.03"]
[Round "1"]
[White "Kopylov, Michael"]
[Black "Grutter, Tim"]
[Result "0-1"]
[WhiteElo "2372"]
[BlackElo "2234"]
[PlyCount "114"]
[EventDate "2022.06.03"]
[EventType "swiss"]
[EventRounds "7"]
[EventCountry "NED"]
[SourceTitle "CBM 208 Extra"]
[Source "ChessBase"]
[SourceDate "2022.07.31"]
[SourceVersion "1"]
[SourceVersionDate "2022.07.31"]
[SourceQuality "1"]

1. d4 Nf6 2. c4 g6 3. g3 Bg7 4. Bg2 0-0 5. Nf3 d6 6. 0-0 Nc6 7. Nc3 e5 8. d5 Ne7 9. c5 Ne8 10. cxd6 Nxd6 11. e4 c6 12. Re1 h6 13. Qb3 b6 14. dxc6 Nxc6 15. Rd1 Qc7 16. Nd5 Qb8 17. Be3 Be6 18. Rac1 Rc8 19. Qa4 b5 20. Qa6 Nc4 21. Bc5 Bxd5 22. exd5 Nd8 23. b4 Qb7 24. Qxb7 Nxb7 25. d6 Ncxd6 26. Bxd6 Rxc1 27. Rxc1 Nxd6 28. Nxe5 Re8 29. Nc6 Re2 30. Rd1 Bf8 31. Bd5 Ne4 32. Rd3 Nxf2 33. Rf3 Nh3+ 34. Kf1 Rd2 35. Bxf7+ Kg7 36. Bb3 Ng5 37. Rf2 Rd7 38. Rf4 Rc7 39. Nd4 Bd6 40. Rg4 Rb7 41. h4 Nf7 42. Nf5+ Kf6 43. Bxf7 Kxf5 44. Bd5 Kxg4 45. Bxb7 Kxg3 46. h5 g5 47. Bc6 Kh4 48. Bxb5 Kxh5 49. Be2+ Kh4 50. b5 h5 51. Kg2 g4 52. a4 Bc7 53. Bc4 Kg5 54. Be6 h4 55. Bd7 h3+ 56. Kf2 g3+ 57. Kf3 g2 0-1

[Event "Hamburg HSK IM"]
[Site "Hamburg"]
[Date "2022.05.27"]
[Round "9"]
[White "Kopylov, Daniel"]
[Black "Kopylov, Michael"]
[Result "1-0"]
[WhiteElo "2292"]
[BlackElo "2378"]
[PlyCount "67"]
[EventDate "2022.05.20"]
[EventType "tourn"]
[EventRounds "9"]
[EventCountry "GER"]
[EventCategory "3"]
[SourceTitle "CBM 208 Extra"]
[Source "ChessBase"]
[SourceDate "2022.07.31"]
[SourceVersion "1"]
[SourceVersionDate "2022.07.31"]
[SourceQuality "1"]

1. e4 d5 2. exd5 Qxd5 3. Nc3 Qa5 4. d4 c6 5. Bc4 Nf6 6. Nf3 Bf5 7. 0-0 e6 8. Bd2 Qc7 9. Qe2 Be7 10. Bg5 0-0 11. h3 h6 12. Bh4 Nbd7 13. Bg3 Qb6 14. Bb3 Rfe8 15. Rad1 c5 16. Na4 Qa5 17. Nxc5 Nxc5 18. dxc5 Qxc5 19. Nd4 Bg6 20. Qb5 Ne4 21. Bf4 a6 22. Qxb7 e5 23. Nc6 exf4 24. Rd5 Rac8 25. Rxc5 Bxc5 26. c3 Ng3 27. Ne7+ Bxe7 28. fxg3 Bc5+ 29. Kh1 Rb8 30. Qc6 Rec8 31. Qxg6 Rxb3 32. Qxa6 Rbb8 33. gxf4 Re8 34. b4 1-0

[Event "Hamburg HSK IM"]
[Site "Hamburg"]
[Date "2022.05.24"]
[Round "5"]
[White "Kopylov, Michael"]
[Black "Clarke, Brandon GI"]
[Result "1/2-1/2"]
[WhiteElo "2378"]
[BlackElo "2445"]
[PlyCount "26"]
[EventDate "2022.05.20"]
[EventType "tourn"]
[EventRounds "9"]
[EventCountry "GER"]
[EventCategory "3"]
[SourceTitle "CBM 208 Extra"]
[Source "ChessBase"]
[SourceDate "2022.07.31"]
[SourceVersion "1"]
[SourceVersionDate "2022.07.31"]
[SourceQuality "1"]

1. d4 Nf6 2. c4 g6 3. g3 Bg7 4. Bg2 0-0 5. Nc3 c5 6. d5 d6 7. Nf3 e6 8. 0-0 exd5 9. cxd5 Re8 10. Nd2 a6 11. a4 Nbd7 12. h3 Nh5 13. Nce4 Ndf6 1/2-1/2

[Event "Hamburg HSK IM"]
[Site "Hamburg"]
[Date "2022.05.22"]
[Round "3"]
[White "Kopylov, Michael"]
[Black "Hommer, Jeremy"]
[Result "1/2-1/2"]
[WhiteElo "2378"]
[BlackElo "2152"]
[PlyCount "49"]
[EventDate "2022.05.20"]
[EventType "tourn"]
[EventRounds "9"]
[EventCountry "GER"]
[EventCategory "3"]
[SourceTitle "CBM 208 Extra"]
[Source "ChessBase"]
[SourceDate "2022.07.31"]
[SourceVersion "1"]
[SourceVersionDate "2022.07.31"]
[SourceQuality "1"]

1. d4 e6 2. g3 Nf6 3. Bg2 d5 4. Nf3 Be7 5. 0-0 0-0 6. c4 dxc4 7. Ne5 Nc6 8. Nxc6 bxc6 9. Na3 Bxa3 10. bxa3 Ba6 11. Qd2 Rb8 12. Qa5 Qc8 13. a4 Rd8 14. Ba3 Rxd4 15. Rfb1 Rxb1+ 16. Rxb1 h6 17. Bc5 Rd8 18. Bxa7 c3 19. Qxc3 Bxe2 20. Bd4 Ne8 21. Bxc6 f6 22. Ba7 Qa6 23. Be3 Nd6 24. Rc1 Rb8 25. h4 1/2-1/2